| 000 | 00477nam a2200181Ia 4500 | ||
|---|---|---|---|
| 005 | 20250603145025.0 | ||
| 008 | 250603s9999 xx 000 0 und d | ||
| 020 | _a9780470674840 | ||
| 050 | _aQP 145 .G37/ | ||
| 100 | _aEdited by John F. Reinus and Douglas Simon | ||
| 245 | 0 | _aGastrointestinal anatomy and physiology: the essentials | |
| 260 | _aNew Jersey | ||
| 260 | _bJohn Wiley & Sons | ||
| 260 | _c2014 | ||
| 300 | _a188 p | ||
| 650 | _aNew Jersey | ||
| 942 | _cBK | ||
| 999 |
_c40645 _d40645 |
||